| 000 | 00523pab a2200169 454500 | ||
|---|---|---|---|
| 008 | 180718b2017 xxu||||| |||| 00| 0 eng d | ||
| 100 | _aHarguindeguy, Jean-Baptiste | ||
| 245 | _aThe survival of Spanish provincial governments in a quasi-federal polity: reframing the debate | ||
| 260 | _c2017 | ||
| 300 | _ap.226-239. | ||
| 362 | _aFeb | ||
| 650 | _aLocal government - Spain | ||
| 650 | _aLocal government | ||
| 700 | _aCole, Alistair | ||
| 773 | _aInternational Journal of Public Administration | ||
| 909 | _a115316 | ||
| 999 |
_c115310 _d115310 |
||